Personnages fictifs et réels mal décrit - Statistiques

Statistiques générales
  • Ce quiz a été pris 169 fois
  • Le résultat moyen est 11 sur 25
Statistiques - réponses
Hint Réponse % Correct
Félin qui kiffe une spécialité culinaire italienne Garfield
85%
On lui a dit de courir, il a jamais arrêté Forrest Gump
68%
Il voulait faire une muraille de Chine, mais au Sud des Etats-Unis Trump
67%
Un mec en collant et qui peut tirer des trucs collants Spiderman
65%
Spécialité québécoise Poutine
64%
Il a crée sa marque en croquant une pomme Steve Jobs
63%
Quand il est sous champi, il est plus fort Mario
58%
Un être anorexique qui est matrixé par sa bague Golum
54%
Oiseaux de différentes couleurs qui font la guerre à des cochons Angry birds
52%
Le nom "Pikachu" mal prononcé, et dessine sur des toiles Picasso
52%
Deux types casqués, jouant de la musique d'ascenseur Daft Punk
50%
Il avait un rêve Martin Luther King
50%
Il est pas en prison ou à l'hosto, il fait des hits Black M
48%
Insomniaque, et peter de thunes, il pratique son hobby la nuit Batman
45%
Piaf qui passent entre des tuyaux Flappy Bird
43%
L'inverse de " un-vient-diable" Depardieu
36%
Damn le poulet Tibo Inshape
35%
Autiste qui devenu le GOAT de son sport Messi
31%
Il a une fourchette comme arme Poséidon
31%
Il a la queue en feu Dracaufeu
28%
Père absent pour son fils et sa fille, et avec de l'asthme Dark Vador
24%
Il a été coach sur le TheVoice de Netflix SCH
24%
Guerrier qui crie que AHHHHHH, et bave Barbare
23%
Synonyme de "Gambas-oui" Omar Sy
19%
Camion, vroum vroum, extraterrestre, canon, explosion Optimus
19%
Aucun quiz correspondant
Distribution des résultats
% des personnes avec chaque résultat
Percentile par nombre de réponses
Votre historique - résultats
Vous n’avez pas pris ce quiz